000 00380pam a2200157a 44500
008 230515b1975 xxu||||| |||| 00| 0 eng d
020 _aNULL
041 _aENGLISH
082 _a630
100 _a3861 1975
245 _aMETHOD OF MEASUREMENT OF PLINTH CARPET AND RENTABLE AREAS AND BUILDINGS
250 _a0
260 _aDELHI
_bISI
_c1975
300 _a23
650 _aNULL
999 _c652001
_d652001